Tous les Pays Frontaliers à la France. - Statistiques

Statistiques générales
  • Ce quiz a été pris 127 fois
  • Le résultat moyen est 10 sur 11
Statistiques - réponses
Longueur de la frontière (Km) Pays % Correct
623 Espagne
100%
620 Belgique
98%
515 Italie
98%
573 Suisse
98%
448 Allemagne
97%
57 Andorre
90%
73 Luxembourg
90%
730 Brésil
89%
5 Monaco
85%
13 Pays-bas
71%
520 Suriname
56%
Aucun quiz correspondant
Distribution des résultats
% des personnes avec chaque résultat
Percentile par nombre de réponses
Votre historique - résultats
Vous n’avez pas pris ce quiz